000 01067nam0a2200301 4500
001 RU\NLR\bibl\1246161
005 20260406134413.0
010 _a978-5-699-22055-7
_9100100
021 _aRU
_b2008-33925
_91864
035 _a(NLR Aleph) 001232315
090 _a206324
_c206324
100 _a20080626d2008 |||y0rusy50 ca
101 0 _arus
102 _aRU
105 _aa |||||||||
200 1 _aБлюда на каждый день
_f[сост. Т. Воробьева, Т. Гаврилова]
210 _aМосква
_cЭксмо
_d2008
215 _a30, [2] с.
_cцв. ил.
_d23
225 1 _aПовар и поваренок
606 1 _aКулинария
_xРецептура
_92080572
_3RU\NLR\auth\661256513
686 _aЛ997
702 1 _4220
_8rus
_7ca
_aВоробьева
_bТ. М.
_cтехнолог пищевого производства
_gТамара Михайловна
_3RU\NLR\auth\772213
_9112229
801 0 _aRU
_bNLR
_c20080626
_gRCR
801 1 _aRU
_bNLR
_c20080626
942 _cBOOK
980 _aNB